Politologické fórum
Enregistré dans:
| Format: | Publication en série |
|---|---|
| Langue: | slovaque |
| Publié: |
Trenčín
Trenčianska univerzita Alexandra Dubčeka v Trenčíne
2020
|
| Sujets: | |
| Tags: |
Pas de tags, Soyez le premier à ajouter un tag!
|
MARC
| LEADER | 00000nas2a2200000 4500 | ||
|---|---|---|---|
| 001 | 0303571 | ||
| 005 | 20240812123747.8 | ||
| 022 | |a 1338-6859 | ||
| 041 | 0 | |a slo | |
| 044 | |a SK | ||
| 245 | 1 | 0 | |a Politologické fórum |
| 264 | 1 | |a Trenčín |b Trenčianska univerzita Alexandra Dubčeka v Trenčíne |c 2020 | |
| 773 | 0 | |w eu_un_cat*0247661 | |
| 610 | 2 | 0 | |a vedy spoločenské |
| 610 | 2 | 0 | |a politológia |
| 610 | 2 | 0 | |a demografia sociálna |
| 610 | 2 | 0 | |a mienka verejná |
| 610 | 2 | 0 | |a vzťahy medzinárodné |